Metodika hodnotenia ekonomickej efektívnosti zavádzania diagnostiky do systému údržby a opráv automobilov

Bibliographic Details
Main Author: Královenský, Jozef, 1938-2007 (Author)
Format: Article
Language:Slovak
Subjects:

MARC

LEADER 00000nab a2200000 a 4500
001 vtls000332799
003 SK-MaSNL
005 20260303234311.0
008 111202c1987 xo 0 slo
015 |a SNBRA19rr/mm-uuuuu 
035 |a CL0332921 
040 |a SNKBUCL  |b slo  |c SNKBUCL  |e AACR2 
041 0 |a slo 
044 |a xo  |c SK 
080 |a 629.119.004.6  |2 1981 
080 |a 620.1  |2 1981 
100 1 |a Královenský, Jozef,  |d 1938-2007  |4 aut  |9 240770 
245 1 0 |a Metodika hodnotenia ekonomickej efektívnosti zavádzania diagnostiky do systému údržby a opráv automobilov  |c Jozef Královenský 
650 0 7 |a automobily  |2 snkbucl  |9 18879 
650 0 7 |a technická diagnostika  |2 snkbucl  |9 3986 
655 7 |a články zo zborníkov  |2 snkbucl  |9 166140 
773 0 |t Automatizované diagnostické systémy dopravných a spojových prostriedkov - ADIS 87  |d Žilina : Dom techniky ČSVTS, 1987 
850 |a Slovenská národná knižnica v Martine  |a MTA001 
852 |a SNK  |b KIS3GCP 
958 |a RK 
992 |a RZB 
999 |c 2520249  |d 2522179